00417nam a2200145Ia 4500003000400000008004100004040001600045082002100061100001900082245006000101260005100161650001600212650001900228650002400247GCL140319s9999 xx 000 0 eng d aGCL / cGCL04aREFb011.31bA H1 aARBERRY, A. J.10aA HANDLIST OF THE ARABIC MANUSCRIPTS / cARBERRY, A. J. a[S.N] : bHODGES, FIGGIS AND CO.,LTD ، c196304aMANUSCRIPTS04aBIBLIOGRAPHIES04aMANUSCRIPTS, ARABIC